| 000 | 00999nmm a2200313 a 4500 | ||
|---|---|---|---|
| 001 | ocm000700835 | ||
| 003 | TR-IsHL | ||
| 005 | 20201028125557.0 | ||
| 008 | 110704s1997 tu tur | ||
| 007 | cr cn | ||
| 035 |
_a700835 _b(N$T) |
||
| 050 | 0 | 4 |
_aHG4521 _b.Y38 1997 |
| 090 | 0 | 4 |
_aHG4521 _b.Y38 1997 |
| 245 | 1 | 0 |
_aYatırım destekleri konusunda soru ve cevaplar _h[electronic resource] / _chaz. A.Suha Alacaklıoğlu |
| 250 | _a1. bs. | ||
| 260 |
_aİstanbul : _bİstanbul Ticaret Odası, _c1997 |
||
| 300 | _a38 p. | ||
| 650 | 4 | _aEkonomi ve Finans | |
| 650 | 4 | _aEconomics and Finance | |
| 650 | 0 | _aYatırımlar | |
| 650 | 0 | _aInvestments | |
| 650 | 0 | _aYatırım analizi | |
| 650 | 0 | _aInvestment analysis | |
| 650 | 0 | _aMaliye | |
| 650 | 0 | _aFinance | |
| 650 | 7 |
_aBUSINESS & ECONOMICS / Investments & Securities / General _2bisacsh |
|
| 700 | 1 | _aAlacaklıoğlu, A. Suha | |
| 856 | 4 | 0 | _uhttp://search.ebscohost.com/login.aspx?direct=true&scope=site&db=e011xww&AN=700835 |
| 999 |
_c3554 _d3554 |
||